Clic Qui gouverne en Europe le 1er janvier 1700 ? - Statistiques

Statistiques générales
  • Ce quiz a été pris 14 fois
  • Le résultat moyen est 14 sur 31
Statistiques - réponses
Hint Réponse % Correct
Royaume de France Louis XIV
73%
Empire Ottoman Mustafa II
73%
Etats pontificaux Clément XI
64%
République de Gênes Girolamo De Mari
64%
Provinces-Unies Guillaume III d'Orange-Nassau
64%
Saint-Empire Romain Germanique Léopold 1er
64%
Empire russe Pierre Ier le Grand
64%
République de Saint-Marin Francesco Maccioni & Gio. Antonio Fattori
55%
Duché de Parme et Plaisance François Farnèse
55%
Hetmanat cosaque Ivan Mazepa
55%
Duché de Savoie Victor-Amédée II
55%
Royaume d'Espagne Charles II
45%
Royaume de Suède Charles XII
45%
Grand-duché de Toscane Cosme III
45%
Principauté d'Andorre (2e co-prince) Francesc Julià Cano i Thebar
45%
Duché de Prusse & Electorat de Brandebourg Frédéric III de Brandebourg
45%
Royaume de Danemark Frédéric IV
45%
Royaume d'Angleterre Guillaume III
45%
Duché de Modène et Reggio Rinaldo d'Este
45%
Royaume de Pologne-Lituanie Auguste II
36%
Electorat de Saxe Frédéric-Auguste Ier
36%
Duché de Brunswick-Lunebourg Georges-Louis
36%
Principauté de Monaco Louis Ier
36%
Electorat de Bavière Maximilien II Emmanuel
36%
Royaume du Portugal Pierre II
36%
Electorat du Palatinat Jean-Guillaume
27%
Principauté de Liège Joseph-Clément de Bavière
27%
République de Venise Silvestro Valier
27%
Landgraviat de Hesse-Cassel Charles 1er
18%
Principauté du Liechtenstein Jean-Adam Ier
18%
Duché de Wurtemberg Eberhard-Louis
9%
Aucun quiz correspondant
Distribution des résultats
% des personnes avec chaque résultat
Percentile par nombre de réponses
Votre historique - résultats
Vous n’avez pas pris ce quiz